| 000 | 00786nam a22002177a 4500 | ||
|---|---|---|---|
| 005 | 20250620125814.0 | ||
| 008 | 250620b |||||||| |||| 00| 0 eng d | ||
| 020 | _a978-81-237-9688-8 (hbk) | ||
| 037 | _cTB | ||
| 040 |
_aCRL _cCRL |
||
| 041 |
_2pun _apun |
||
| 084 |
_aV243.N47 153R1 _qCRL |
||
| 100 |
_aਧਾਮੀ, ਸਾਂਵਲ _9753557 |
||
| 245 | _aਦੁਖੜੇ ਸੰ ਸੰਤਾਲੀ ਦੇ | ||
| 260 |
_aਦਿੱਲੀ, ਭਾਰਤ: _bਨੇਸ਼ਨਲ ਬੁੱਕ ਟ੍ਰਸਟ, _c2021. |
||
| 300 | _a211ਪ. | ||
| 365 |
_b215.00 _cINR |
||
| 650 | _2ਇਤਿਹਾਸ | ||
| 942 |
_2CC _cTB _hV243.N47 153R1 _n0 |
||
| 999 |
_c1432082 _d1432082 |
||